|
|
|
|
| LEADER |
00000nam0a2200000 4500 |
| 001 |
158256 |
| 005 |
20231101222026.0 |
| 010 |
|
|
|a 9785222145937
|b (в пер.)
|b 3000 экз.
|
| 021 |
|
|
|a RU
|b 09-15308
|9 09-906
|
| 035 |
|
|
|a (RuTPU)RU\TPU\book\171637
|
| 090 |
|
|
|a 158256
|
| 100 |
|
|
|a 20090330d2009 m y0rusy5002 ca
|
| 101 |
0 |
|
|a rus
|
| 102 |
|
|
|a RU
|
| 105 |
|
|
|a y j 001zy
|
| 200 |
1 |
|
|a Экономика труда
|e учебник
|f И. М. Алиев [и др.]
|
| 210 |
|
|
|a Ростов-на-Дону
|c Феникс
|d 2009
|
| 215 |
|
|
|a 394 с.
|
| 225 |
1 |
|
|a Высшее образование
|
| 320 |
|
|
|a Библиогр.: с. 387-390.
|
| 330 |
|
|
|a В предлагаемом учебнике изложены основные вопросы, предусмотренные государственным образовательным стандартом по специальности «Экономика труда», исследуются экономические закономерности функционирования человеческих ресурсов на макро- и микроуровне, экономические отношения, возникающие на рынке труда и предприятиях по поводу привлечения и использования ресурсов труда, формирование различных форм занятости, порядок организации оплаты труда и установления оптимальных размеров заработной платы, требования к формированию фонда оплаты труда и обеспечению его эффективного использования. В качестве основной проблемы экономики труда рассматривается система его эффективности, ведущая роль в которой принадлежит показателю производительности труда, способствующей росту национального богатства, повышению уровня благосостояния всех членов общества и обеспечивающей социальные стандарты и гарантии уровня и качества жизни населения. Учебник предназначен для студентов всех экономических специальностей, аспирантов и преподавателей, может быть использован работниками органов государственного и местного управления, профсоюзов, служб занятости, предприятий и организаций.
|
| 606 |
1 |
|
|a Труд
|x Экономика
|y Россия
|2 stltpush
|3 (RuTPU)RU\TPU\subj\37095
|9 58241
|
| 610 |
1 |
|
|a человеческие ресурсы
|
| 610 |
1 |
|
|a управление
|
| 610 |
1 |
|
|a кадры
|
| 610 |
1 |
|
|a персонал
|
| 610 |
1 |
|
|a рынок труда
|
| 610 |
1 |
|
|a безработица
|
| 610 |
1 |
|
|a занятость
|
| 610 |
1 |
|
|a гарантии
|
| 610 |
1 |
|
|a дискриминация
|
| 610 |
1 |
|
|a планирование
|
| 610 |
1 |
|
|a рабочее время
|
| 610 |
1 |
|
|a производительность
|
| 610 |
1 |
|
|a доходы
|
| 610 |
1 |
|
|a уровень жизни
|
| 610 |
1 |
|
|a качество жизни
|
| 610 |
1 |
|
|a потребительский бюджет
|
| 610 |
1 |
|
|a оплата труда
|
| 610 |
1 |
|
|a регулирование
|
| 610 |
1 |
|
|a учебники
|
| 686 |
|
|
|a У9(2)24я73
|2 rubbk
|
| 701 |
|
1 |
|a Алиев
|b И. М.
|g Исмаил Магеррамович
|4 070
|
| 701 |
|
1 |
|a Горелов
|b Н. А.
|g Николай Афанасьевич
|4 070
|
| 701 |
|
1 |
|a Ильина
|b Л. О.
|g Людмила Олеговна
|4 070
|
| 701 |
|
1 |
|a Шапошникова
|b О. А.
|4 070
|
| 801 |
|
1 |
|a RU
|b 63413507
|c 20090421
|g PSBO
|
| 801 |
|
2 |
|a RU
|b 63413507
|c 20160224
|g PSBO
|
| 900 |
|
|
|a Экономика труда
|
| 900 |
|
|
|a Занятость населения и ее регулирование
|
| 942 |
|
|
|c BK
|
| 959 |
|
|
|a 51/20090420
|d 12
|e 0
|f АНЛ:1
|f ЧЗГЛ:1
|f УФ:10
|
| 959 |
|
|
|a 81/20101108
|d 5
|e 0
|f Ф_ТПУ_Новокузнецк:5
|